000 00239nam a2200097 a 4500
008 111125s2008|||| d
245 1 0 _aPowiat Ropczycko-sedziszowski
260 _bSerigraph
_c2008
_aRopczyce
020 _c100
044 _axo
_cSK
999 _c19888
_d19888